Представление документа в формате MARC21

Поле Инд. ПП Название Значение
Тип записи a
Библиографический уровень b
001 Контрольный номер 1077ad86eb55449f8211ceaee40c9c07
005 Дата корректировки 20251009154806.6
024 80 a Стандартный номер 10.47148/1609-364X-2025-3-84-95
040 a Служба первич. каталог. РИНЦ
b Код языка каталог. rus
041 0_ a Код языка текста rus
097 a Костяева О.Г.
100 1_ a Автор Добрынин В. Н.
c Титул (звания) старший научный сотрудник; кандидат технических наук; профессор (должность);
i 000089053
k Кафедра системного анализа и управления; Институт системного анализа и управления
q Полное имя Добрынин Владимир Николаевич
u Дополнение Добрынин В. Н.; Dobrynin Vladimir Nikolayevich
g Прочие сведения РИНЦ AuthorID: 541833 (http://elibrary.ru/author_items.asp?authorid=541833); Scopus Author ID: 56004991500 (https://www.scopus.com/authid/detail.uri?authorId=56004991500)
j Принадлежность неизвестного автора к последователям, ученикам, сторонникам, школе и т. д. государственный университет "Дубна"
100 1_ a Автор Черемисина Е. Н.
c Титул (звания) профессор (ученое звание); доктор технических наук; заведующий кафедрой; и.о. директора ИСАУ;
i 000089043
g Прочие сведения РИНЦ AuthorID: 119359 (http://elibrary.ru/author_profile.asp?id= 119359); Scopus Author ID: 6504569461 (https://www.scopus.com/authid/detail.uri?authorId=6504569461)
j Принадлежность неизвестного автора к последователям, ученикам, сторонникам, школе и т. д. государственный университет "Дубна"
k Кафедра системного анализа и управления; Институт системного анализа и управления
q Полное имя Черемисина Евгения Наумовна
u Дополнение Cheremisina Ye. N.
100 1_ a Автор Кирпичева Е. Ю.
c Титул (звания) доцент (ученое звание); кандидат технических наук; доцент (должность);
i 000000004
g Прочие сведения РИНЦ AuthorID: 530722 (http://elibrary.ru/author_profile.asp?id= 530722); SPIN-код: 9769-6669 (http://elibrary.ru/author_items.asp?authorid=530722)
j Принадлежность неизвестного автора к последователям, ученикам, сторонникам, школе и т. д. государственный университет "Дубна"
k Кафедра системного анализа и управления; Институт системного анализа и управления
q Полное имя Кирпичёва Елена Юрьевна
u Дополнение Кирпичёва Е. Ю.
100 1_ a Автор Любимова А. В.
c Титул (звания) ; кандидат технических наук; доцент (должность); и.о. заведующего кафедрой геоинформационных систем и технологий ;
i 100093167
j Принадлежность неизвестного автора к последователям, ученикам, сторонникам, школе и т. д. государственный университет "Дубна"
k Кафедра геоинформационных систем и технологий; Институт системного анализа и управления
q Полное имя Любимова Анна Владимировна
u Дополнение Любимова А. В.; Lyubimova A. V.
g Прочие сведения РИНЦ AuthorID: 372313 (http://elibrary.ru/author_profile.asp?id= 372313); Scopus Author ID: 56358577200 (https://www.scopus.com/authid/detail.uri?authorId=56358577200)
245 10 a Заглавие Смысловое проектирование задач в геонауках: к новой парадигме междисциплинарных исследований
513 a передано и. о. проректора по научной работе и инновациям
b 09.10.2025
773 18 t Название источника Геоинформатика
b Сведения об издании Всероссийский научно-исследовательский геологический нефтяной институт
c Москва
m Специф. данные входит в Белый список; входит в ядро РИНЦ; журнал из перечня ВАК; входит в базу данных RSCI; ненулевой импакт-фактор;
q У4 Белый список
x ISSN 1609-364X
g Прочая информация № 3. - С. 84-95
w Контрольный № источника 1a1a6d474ecb4b1fa211016ac1859c7d
d Место и дата издания 2025
856 40 u URL https://elibrary.ru/item.asp?id=82949451
901 t Тип документа b
952 c Вид литературы статья в журнале